01229nam a2200301 a 4500001001100000003000800011006001900019007001500038008004100053010001700094020002600111020002200137040002100159035002000180050002300200082001700223100002900240245010400269260007000373300001600443504006400459533015200523630006700675650001400742655002900756710001700785856012500802ebr5001926CaPaEBRm u cr cn|||||||||991215s2000 enk sb 001 0 eng  z 99087924  z0521782627 (hardback) z0521787904 (pbk.) aCaPaEBRcCaPaEBR a(OCoLC)7073860214aK5302b.S32 2000eb04a341.7/782211 aSchabas, William,d1950-10aGenocide in international lawh[electronic resource] :bthe crimes of crimes /cWilliam A. Schabas. aCambridge, U.K. ;aNew York :bCambridge University Press,c2000. axvi, 624 p. aIncludes bibliographical references (p. 569-607) and index. aElectronic reproduction.bPalo Alto, Calif. :cebrary,d2013.nAvailable via World Wide Web.nAccess may be limited to ebrary affiliated libraries.00aConvention on the Prevention and Treatment of Genocided(1948) 0aGenocide. 7aElectronic books.2local2 aebrary, Inc.40uhttp://site.ebrary.com/lib/rucke/Doc?id=5001926zAn electronic book accessible through the World Wide Web; click to view